| 000 | 01814cam a22004697a 4500 | ||
|---|---|---|---|
| 003 | CHAP | ||
| 005 | 20220817043936.0 | ||
| 008 | 040531s2004 mx d r 00010 spa d | ||
| 010 | _a88366 | ||
| 011 | _a89338 | ||
| 035 | _a99889 | ||
| 040 | _cCHAP | ||
| 090 | _aTesis | ||
| 100 | 0 | 0 |
_aPenagos Herrera, Alberto Uriel. _986661 |
| 245 | 1 | 0 |
_aCorrelación entre nodulación y componentes del rendimiento en 20 variedades de frijol flor de mayo _c/por Alberto Uriel Penagos Herrera y Damián Mayen Torres |
| 260 |
_aChapingo, Méx. : _bEl autor, _c2004 |
||
| 300 |
_a47 h. : _bgráfs. ; cuadros |
||
| 502 | _aTesis (Ing. en Agroecología) -- UACH. Departamento de Agroecología | ||
| 530 | _aTambién disponible en línea | ||
| 590 |
_aALEPH _b10 _c20130110 _lUCH01 _h1458 |
||
| 590 |
_aBATCH-UPD _b10 _c20130110 _lUCH01 _h0227 |
||
| 590 |
_aBATCH-UPD _b10 _c20130110 _lUCH01 _h1430 |
||
| 590 |
_aBATCH-UPD _b10 _c20130409 _lUCH01 _h2250 |
||
| 590 |
_aBATCH-UPD _b10 _c20130410 _lUCH01 _h1116 |
||
| 590 |
_aBATCH-UPD _b10 _c20130914 _lUCH01 _h1443 |
||
| 590 |
_aBATCH-UPD _b10 _c20140324 _lUCH01 _h1444 |
||
| 590 |
_aBATCH-UPD _b10 _c20141002 _lUCH01 _h0822 |
||
| 590 |
_aCONVERSION _b10 _c20130109 _lUCH01 _h1349 |
||
| 650 | 1 | 4 |
_aFrijol _xGenética. |
| 650 | 1 | 4 |
_aFrijol _xMejoramiento. _943404 |
| 650 | 1 | 4 |
_aFrijol _xRendimiento. _943429 |
| 650 | 1 | 4 |
_aFrijol _xVariedades. _943446 |
| 650 | 1 | 4 |
_aFrijol _zMéxico (Edo.). _943456 |
| 650 | 1 | 4 |
_aNitrógeno _xEfecto en frijol. _981436 |
| 700 | 0 |
_aMayen Torres, Damián. _973227 |
|
| 856 |
_3Finding aid _uhttp://10.13.5.2/tesis/99889.pdf _zTeclea aqui |
||
| 901 | _aBK | ||
| 905 | _aMarco A. Mendoza T. | ||
| 942 | _cFOLL | ||
| 949 |
_aTesis _bBC _cTES _d33724000909818 _eTS2 _fc.2 _gDonaciØn _h41852 _i99889 _si |
||
| 949 |
_aTesis _bBC _cTES _d998891 _eTS1 _gDonaciØn _h41851 _i99889 _sb |
||
| 999 |
_c88366 _d88366 |
||